| 000 -ლიდერი |
| ფიქსირებული სიგრძის საკონტროლო ველი |
00973nam a22001817a 4500 |
| 003 - საკონტროლო ნომრის იდენტიფიკატორი |
| საკონტროლო ველი |
Ge_BSU |
| 005 - ბოლო ოპერაციის თარიღი და დრო |
| საკონტროლო ველი |
20240618160909.0 |
| 008 - ფიქსირებული სიგრძის მონაცემთა ელემენტები - ზოგადი ინფორმაცია |
| ფიქსირებული სიგრძის საკონტროლო ველი |
240618s1986 ge ||||| |||| 00| 0 geo d |
| 041 ## - ენის კოდი |
| Language code of text/sound track or separate title |
geo |
| 080 ## - უნივერსალური ათობითი კლასიფიკაციის ინდექსი |
| Universal Decimal Classification number |
335.587(075.8) გ-63 |
| 100 ## - მთავარი ჩანაწერი - პიროვნების სახელი |
| Personal name |
გოლეთიანი, ამბაკო |
| 9 (RLIN) |
22477 |
| 245 ## - ცნობა სათაურის შესახებ |
| Title |
მასობრივი დაზიანების იარაღებისაგან მოსახლეობის თავდაცვის საშუალებები : |
| Remainder of title |
[სახელმძღ. პედ-ინ-ტის სტუდ.] / |
| Statement of responsibility, etc |
ამბაკო გოლეთიანი; რედ. ტ. ზოზრაშვილი. |
| 264 ## - წარმოების, გამოცემის, დისტრიბუციის და სხვა ცნობები |
| გამოცემის, წარმოების, დისტრიბუციის... ადგილი |
თბ. : |
| გამოცემის, წარმოების, დისტრიბუციის... სახელწოდება |
განათლება, |
| გამოცემის, წარმოების, დისტრიბუციის... თარიღი |
1986. |
| 300 ## - ფიზიკური აღწერა |
| Extent |
115გვ. ; |
| Other physical details |
21სმ. |
| 653 ## - INDEX TERM--UNCONTROLLED |
| Uncontrolled term |
მოსახლეობის თავდაცვა |
| 700 ## - ADDED ENTRY--PERSONAL NAME |
| Personal name |
ზოზრაშვილი, ტ. |
| Relator term |
რედაქტორი |
| 9 (RLIN) |
686 |
| 942 ## - ADDED ENTRY ELEMENTS (KOHA) |
| Source of classification or shelving scheme |
|
| Koha item type |
წიგნი |